00307pab a2200121 454500008004000000100002100040245003800061260000900099300001400108362001100122650001800133773003400151180718b1997 xxu||||| |||| 00| 0 eng d aTulpule, Bagaram aILO initiative on contract labour c1997 ap.L21-L22 a30 Aug aLabour market aEconomic and Political Weekly